| 000 | 03338cam a22005054i 4500 | ||
|---|---|---|---|
| 003 | PE-LiUPU | ||
| 005 | 20250731172850.0 | ||
| 008 | 150706s r 000 0 d | ||
| 020 | _a97808254 38837 | ||
| 035 | _a(Sirsi) i9780825438837 | ||
| 040 |
_aPE-LiUPU _bspa _cPE-LiUPU _erda |
||
| 049 | _aPRUA | ||
| 082 | 0 | 4 |
_a266.009 _bT37 _221 |
| 100 | 1 |
_aTennent, Timoty C., _eautor. |
|
| 245 | 1 | 0 |
_aInvitation to world missions : _ba trinitarian missiology for the twenty-first century / _cTimothy C. Tennent. |
| 264 | 1 |
_aGrand Rapids, MI : _b Kregel Publications, _c 2010. |
|
| 300 |
_a559 páginas ; _c24 centímetros |
||
| 336 |
_atext _2rdacontent |
||
| 337 |
_aunmediated _2rdamedia |
||
| 338 |
_avolume _2rdacarrier |
||
| 504 | _aIncluye Bibliografía. | ||
| 505 | 0 | _aMegatrends that are shaping twenty-first century missions -- From moratorium and malaise to selah and rebirth -- The Triune God and the Missio dei -- A trinitarian, missional theology -- A trinitarian framework for missions -- God the Father : the providential source and goal of the Missio Dei -- A missional perspective on the Bible -- The God of mission reveals his plan -- The sending Father and the sent church -- Creation, revelation, and the human response to God's rule -- A trinitarian, "new creation" theology of cultura -- An evangelical theology of religions -- God the Son : the redemptive embodiment of the Missio Dei -- Missions history as a reflection of the incarnation -- Turning points in the history of missions before 1792 -- The "great century" of missions, 1792-1910 -- The flowering of world Christianity, 1910-present -- Cross-cultural communication as a reflection of the incarnation -- The incarnation and the translatability of the Gospel -- Access and reproducibility in missions strategy -- Reflecting the incarnation in holistic missions -- God the Holy Spirit : the empowering presence of the Missio Dei -- Empowering the church to embody the presence of the future -- The Holy Spirit, the book of Acts, and the Missio Dei -- The church as the embodiment of the new creation -- Missionaries as agents of suffering and heralds of the new creation -- The suffering, advancing church -- The church as the reflection of the trinity in the world. | |
| 526 | _aSEG42 | ||
| 526 | _aSEG41 | ||
| 526 | _aSEG40 | ||
| 526 | _aSEG39 | ||
| 526 | _aP94 | ||
| 526 | _aP87 | ||
| 526 | _aP86 | ||
| 526 | _aP85 | ||
| 526 | _aP77 | ||
| 526 | _aP76 | ||
| 526 | _aP35 | ||
| 650 | 0 | 4 | _aMisiones. |
| 650 | 0 | 4 |
_aTrinidad. _93711 |
| 910 |
_agl _bjck _d20101216 |
||
| 942 |
_2ddc _cBOOK |
||
| 949 |
_aPGT 266.009 T37 _wDEWEY _c1 _i62413 _lCCODEBUL1 _mBUL _p20.00 _r0 _sY _tBOOK _u2015-7-6 _xTEOLOGIA _PP35 _0COMPRA _o.STAFF. Colección General |
||
| 949 |
_aPGT 266.009 T37 _wDEWEY _c2 _i71858 _d2016-3-28 _e2016-3-28 _lCCODEBUL1 _mBUL _n1 _p22.36 _r0 _sY _tBOOK _u2015-8-21 _xTEOLOGIA _PP85 _0COMPRA _o.CIRCNOTE. No olvidar cambiar la fecha de devolución!!!!!!! _o.STAFF. POSTGRADO |
||
| 994 |
_aC0 _bPEPRU |
||
| 596 | _a1 | ||
| 999 |
_a266.009 T37 _wDEWEY _c9820 _i73608 _f2021-11-10 _g5 _lCCODEBUL1 _mBUL _p30.39 _q1 _r0 _sY _tBOOK _u2016-6-8 _xTEOLOGIA _PP85 _0COMPRA _o.STAFF. Colección General Teología _d9820 |
||
| 980 |
_81 _gALBERTO SANCHEZ Responsable de Automatización |
||